000
00211 a2200097 4500
001
3013
100
_a
Rickett, C
245
_a
A History of eng literature
260
_a
_b
U.B.S. PD N.D.
_c
090
_c
2298
_d
2298
942
_a
NUST-CAE
_c
M
_c
14424
999
_c
238086
_d
238086